Bilancia prchavých organických látok z prevádzky používajúcej organické rozpúšťadlá diplomová práca

Salvato in:
Dettagli Bibliografici
Autore principale: Butkovičová, Eva
Natura: Libro
Lingua:slovacco
Pubblicazione: Bratislava STU FCHPT 2019
Accesso online:Visualizza in OPAC
Tags: Aggiungi Tag
Nessun Tag, puoi essere il primo ad aggiungerne!!

MARC

LEADER 00000nam a2200000 a 4500
005 20260127134201.0
008 190620 2019 xo a 001 0 slo d
035 |a vtls011872114 
039 9 |y 201906201235  |z mschk03 
040 |a STUSCHK1  |b slo  |c STUSCHK1  |e AACR2 
100 1 |a Butkovičová, Eva 
245 1 |a Bilancia prchavých organických látok z prevádzky používajúcej organické rozpúšťadlá  |b diplomová práca  |c Eva Butkovičová 
260 |a Bratislava  |b STU FCHPT  |c 2019 
300 |a 73 s.  |b Tab., obr.  |c 25 cm 
500 |a Študijný program: technológie ochrany životného prostredia 
500 |a Študijný odbor: chemické technológie 
500 |a Školiace pracovisko: Oddelenie environmentálneho inžinierstva 
500 |a Evid. číslo: FCHPT-100568-63954 
910 |a SCHK95 
999 |c 6090  |d 6090